Library Banner

Textbook of diagnostic microbiology / (Record no. 117982)

MARC details
000 -LEADER
fixed length control field 00756cam a22002538i 4500
001 - CONTROL NUMBER
control field 20095449
005 - DATE AND TIME OF LATEST TRANSACTION
control field 20200725094221.0
008 - FIXED-LENGTH DATA ELEMENTS--GENERAL INFORMATION
fixed length control field 171023s2019 mou b 001 0 eng
020 ## - INTERNATIONAL STANDARD BOOK NUMBER
International Standard Book Number 9780323482189
040 ## - CATALOGING SOURCE
Transcribing agency PK-LaUMT
082 00 - DEWEY DECIMAL CLASSIFICATION NUMBER
Classification number 616.9041
Edition number 23
Item number TEX-
245 00 - TITLE STATEMENT
Title Textbook of diagnostic microbiology /
Statement of responsibility, etc edited by Connie R. Mahon and Donald C. Lehman
250 ## - EDITION STATEMENT
Edition statement 6th ed.
260 ## - PUBLICATION, DISTRIBUTION, ETC. (IMPRINT)
Place of publication, distribution, etc Missouri :
Name of publisher, distributor, etc Elsevier,
Date of publication, distribution, etc 2015
300 ## - PHYSICAL DESCRIPTION
Extent 1072 p. ;
Dimensions cm.
650 12 - SUBJECT ADDED ENTRY--TOPICAL TERM
Topical term or geographic name as entry element Microbiological Techniques
650 22 - SUBJECT ADDED ENTRY--TOPICAL TERM
Topical term or geographic name as entry element Communicable Diseases
General subdivision diagnosis
650 22 - SUBJECT ADDED ENTRY--TOPICAL TERM
Topical term or geographic name as entry element Bacterial Infections
General subdivision diagnosis
650 22 - SUBJECT ADDED ENTRY--TOPICAL TERM
Topical term or geographic name as entry element Virus Diseases
General subdivision diagnosis
650 22 - SUBJECT ADDED ENTRY--TOPICAL TERM
Topical term or geographic name as entry element Mycoses
General subdivision diagnosis
700 1# - ADDED ENTRY--PERSONAL NAME
Personal name Mahon, Connie R.,
700 1# - ADDED ENTRY--PERSONAL NAME
Personal name Lehman, Donald C.,
942 ## - ADDED ENTRY ELEMENTS (KOHA)
Koha item type Books
Holdings
Withdrawn status Lost status Damaged status Home library Current library Date acquired Full call number Barcode Date last seen Price effective from Koha item type
      UMT Main Campus UMT Main Campus 2020-07-25 616.9041 TEX- 134453 2020-07-25 2020-07-25 Books